00360nam a2200121Ia 4500008004100000082001800041100003900059245002700098260005100125300000800176630002700184730002700211100122s9999 xx 000 0 und d b65782a823.08 aप्रधान मधुकर aसांज भूल bप्रपंच प्रकाशनc2000 a104 aसांज भूल aसांज भूल